Régions du Québec - Statistiques

Statistiques générales
  • Ce quiz a été pris 51 fois
  • Le résultat moyen est 11 sur 17
Statistiques - réponses
Population Régions % Correct
1 959 987 Montréal
93%
580 966 Laurentides
88%
381 200 Outaouais
83%
95 552 Côte-Nord
78%
318 350 Estrie
78%
147 931 Abitibi-Témiscamingue
73%
417 304 Laval
73%
1 499 088 Montérégie
73%
239 245 Centre-du-Québec
70%
725 095 Capitale-nationale
68%
488 927 Lanaudière
68%
266 542 Mauricie
65%
201 091 Bas-Saint-Laurent
55%
43 999 Nord-du-Québec
55%
418 704 Chaudière-Appalaches
48%
278 069 Saguenay-Lac-Saint-Jean
45%
93 224 Gaspésie-Îles-de-la-Madelaine
15%
Aucun quiz correspondant
Distribution des résultats
% des personnes avec chaque résultat
Percentile par nombre de réponses
Votre historique - résultats
Vous n’avez pas pris ce quiz